Small scale industries in India (Record no. 32296)

MARC details
000 -LEADER
fixed length control field 00315nam a2200121Ia 4500
082 ## - DEWEY DECIMAL CLASSIFICATION NUMBER
Classification number 338.45(540)
Item number AHU;1
100 ## - MAIN ENTRY--AUTHOR NAME
Personal name AHUJA, B N
245 #0 - TITLE STATEMENT
Title Small scale industries in India
260 ## - PUBLICATION, DISTRIBUTION, ETC. (IMPRINT)
Place of publication New Delhi
Name of publisher Varma
Year of publication 1977
650 ## - SUBJECT ADDED ENTRY--TOPICAL TERM
Topical Term Small scale industries
942 ## - ADDED ENTRY ELEMENTS (KOHA)
Koha item type Books
Holdings
Withdrawn status Lost status Damaged status Not for loan Home library Current library Date acquired Full call number Accession Number Koha item type
        RRII Library RRII Library 16/12/2021 338.45(540) AHU;1 12816 Books